Infantes de España - Estadísticas

Estadísticas generales
  • Esta prueba ha sido intentada 63 veces
  • La puntuación promedio es 105 de 132
Estadísticas de respuestas
Período Nombre Otros títulos % Correcto
1759-1777 Felipe Antonio de Borbón Duque de Calabria
98%
1709 Felipe de Borbón
98%
1792-1794 Felipe de Borbón
98%
1862-1864 Felipe de Orleans Príncipe de Orleans
98%
1783-1784 Felipe Francisco de Borbón
98%
1720-1765 Felipe I de Parma XII conde de Chinchón (1738-1761) Duque soberano de Parma (1748-1765)
98%
1712-1719 Felipe Pedro de Borbón
98%
1968-Act. Felipe VI Príncipe de Asturias (1977-2014) Rey de España (desde 2014)
98%
1833-1902 María Cristina de Borbón Infanta de Portugal por matrimonio (1860-1875)
98%
1854 María Cristina de Borbón
98%
1911-1996 María Cristina de Borbón Condesa Marone-Cinzano por matrimonio (1940-1968)
98%
1852-1879 María Cristina de Orleans Princesa de Orleans
98%
1771-1774 Carlos Clemente de Borbón
95%
1994-2015 Carlos de Borbón-Dos Sicilias Jefe de la Casa de Borbón-Dos Sicilias como duque de Calabria (1964-2015)
95%
1901-1949 Carlos de Borbón-Dos Sicilias Príncipe de las Dos Sicilias
95%
1780-1783 Carlos Domingo de Borbón
95%
1783-1784 Carlos Francisco de Borbón
95%
1799-1883 Carlos II de Parma Rey de Etruria (1803-1807)
Duque soberano de Lucca (1824-1847)
Duque soberano de Parma (1847-1849)
95%
1716-1788 Carlos III Duque soberano de Parma (1731-1734) Rey de Nápoles y Sicilia (1735-1759) Rey de España (1759-1788)
95%
1852-1854 Carlos III de Parma Duque soberano de Parma (1849-1854)
95%
1759-1819 Carlos IV Príncipe de Nápoles y Sicilia Príncipe de Asturias (1760-1788) Rey de España (1788-1808)
95%
1788 Carlos José de Borbón Infante de Portugal
95%
1818-1834 Carlos Luis de Borbón Privado de su condición de infante y derecho de sucesión en 1834 por carlista Pretendiente carlista al trono (1845-1861)
95%
1788-1834 Carlos María Isidro de Borbón Pretendiente carlista al trono (1833-1845)
95%
1789-1848 María Isabel de Borbón Reina consorte de las Dos Sicilias (1825-1830)
95%
1869-1882 María Pía de Borbón-Dos Sicilias Princesa de las Dos Sicilias Duquesa consorte de Parma (1869-1882)
95%
1913-1993 Juan de Borbón Príncipe de Asturias de facto (1933-1941)
Jefe de la Casa Real (1941-1975)
Conde de Barcelona (1941-1993)
93%
1779-1798 María Amalia de Borbón
93%
1832-1857 María Amalia de Borbón-Dos Sicilias Princesa de las Dos Sicilias Infanta de Portugal por matrimonio (1832-1857)
93%
1851-1870 María Amalia de Orleans Princesa de Orleans
93%
1738-1760 María Amalia de Sajonia Princesa de Sajonia Reina consorte de Nápoles y Sicilia (1738-1759) Reina consorte de España (1759-1760)
93%
1729-1785 María Antonia de Borbón Reina consorte de Cerdeña (1773-1785)
93%
1802-1806 María Antonia de Borbón-Dos Sicilias Princesa de las Dos Sicilias Princesa consorte de Asturias (1802-1806)
93%
1884-1959 María Antonia de Braganza Infanta de Portugal
93%
1787 María Carlota de Borbón Infanta de Portugal
93%
1769-1804 María Carolina de Austria Archiduquesa de Austria Duquesa consorte de Parma (1769-1802)
93%
1859-1861 María de la Concepción de Borbón
93%
1862-1946 María de la Paz de Borbón Princesa de Baviera por matrimonio (1883-1946)
93%
1911-1953 María de las Mercedes de Baviera Princesa de Baviera Princesa de Georgia por matrimonio (1946-1953)
93%
1880-1904 María de las Mercedes de Borbón Princesa de Asturias (1881-1904)
93%
1935-2000 María de las Mercedes de Borbón-Dos Sicilias Princesa de las Dos Sicilias
93%
1860-1878 María de las Mercedes de Orleans Princesa de Orleans Reina consorte de España (1878)
93%
1912-1918 María del Pilar de Baviera Princesa de Baviera
93%
1861-1879 María del Pilar de Borbón
93%
1856-1861 María de Regla de Orleans Princesa de Orleans
93%
1816-1834 María Francisca de Braganza Infanta de Portugal
93%
1759-1792 María Luisa de Borbón Princesa de Nápoles y Sicilia Emperatriz consorte del Sacro Imperio (1790-1792)
93%
1777-1782 María Luisa de Borbón
93%
1782-1824 María Luisa de Borbón Reina consorte de Etruria (1801-1803) Duquesa soberana de Lucca (1815-1824)
93%
1765-1819 María Luisa de Borbón-Parma Princesa de Parma Reina consorte de España (1788-1808)
93%
1927-1955 María Luisa de Silva I duquesa de Talavera de la Reina (1914-1955)
93%
1832-1897 María Luisa Fernanda de Borbón Princesa de Orleans y duquesa de Montpensier por matrimonio (1846-1890)
93%
1726-1746 María Teresa de Borbón Delfina consorte de Francia (1745-1746)
93%
1791-1794 María Teresa de Borbón
93%
1828-1829 María Teresa de Borbón
93%
1882-1912 María Teresa de Borbón Princesa de Baviera por matrimonio (1906-1912)
93%
1810-1838 María Teresa de Braganza Infanta de Portugal Princesa de Beira (1793-1795) Privada de su condición de infanta el 1838 carlistaj
93%
1820-1879 María Teresa de Saboya Princesa de Cerdeña Duquesa consorte de Parma (1847-1849)
93%
2007-Act. Sofía de Borbón
93%
1962-Act. Sofía de Grecia Reina consorte de España (1975-2014)
93%
1907-1938 Alfonso de Borbón Príncipe de Asturias (1907-1933) Conde de Covadonga (1933-1938)
91%
1941-1956 Alfonso de Borbón
91%
1901-1964 Alfonso de Borbón-Dos Sicilias Jefe de la Casa de Borbón-Dos Sicilias como duque de Calabria (1960-1964)
91%
1886-19091912-1975 Alfonso de Orleans Príncipe de Orleans V duque de Galliera (1930-1937) Privado de su condición de infante en 1909 por casarse sin autorización3 Rehabilitado en 1912​
91%
1857-1885 Alfonso XII Príncipe de Asturias (1857-1868)
Jefe de la Casa Real (1870-1874)
Rey de España (1874-1885)
91%
2005-Act. Leonor de Borbón Princesa de Asturias (desde 2014)
91%
1965-Act. Cristina de Borbón Duquesa de Palma de Mallorca (1997-2015)
88%
1817-1818 Isabel Luisa de Borbón
88%
1739-1759 Luisa Isabel de Francia Hija de Francia Duquesa consorte de Parma (1739-1759)
88%
1721-1742 Luisa Isabel de Orleans Princesa de Orleans Reina consorte de España (1724)
88%
1906-1983 Luis Alfonso de Baviera Príncipe de Baviera
88%
1727-1785 Luis de Borbón XIII conde de Chinchón (1761-1785)
88%
1888-1924 Luis Fernando de Orleans Príncipe de Orleans Privado de su condición de infante en 1924
88%
1707-1724 Luis I Príncipe de Asturias (1709-1724) Rey de España (1724)
88%
1795-1803 Luis I de Etruria Príncipe de Parma Rey de Etruria (1801-1803)
88%
1867-1874 Luis María de Orleans Príncipe de Orleans
88%
1905-1958 Fernando de Baviera Príncipe de Baviera
81%
1824-1834 Fernando de Borbón Privado de su condición de infante en 1834 por carlista
81%
1903-1905 Fernando de Borbón-Dos Sicilias Príncipe de las Dos Sicilias
81%
1859-1873 Fernando de Orleans Príncipe de Orleans
81%
1850 Fernando Francisco de Borbón
81%
1759-1825 Fernando I de las Dos Sicilias Rey de Nápoles y Sicilia (1759-1816) Rey de las Dos Sicilias (1816-1825)
81%
1765-1802 Fernando I de Parma Duque soberano de Parma (1765-1802)
81%
1832-1854 Fernando María de Borbón
81%
1713-1759 Fernando VI Príncipe de Asturias (1724-1746) Rey de España (1746-1759)
81%
1784-1833 Fernando VII Príncipe de Asturias (1789-1808) Rey de España (1808-1833)
81%
1904-1985 Isabel Alfonsa de Borbón-Dos Sicilias Princesa de las Dos Sicilias Condesa Zamoyska por matrimonio (1929-1961)
81%
1851-1931 Isabel de Borbón Princesa de Asturias (1852-1857; 1875-1880) Princesa de las Dos Sicilias y condesa de Girgenti por matrimonio (1868-1871)
81%
1741-1763 Isabel de Borbón-Parma Princesa de Parma Archiduquesa heredera consorte de Austria (1760-1763)
81%
1823-1897 Isabel Fernanda de Borbón Condesa Gurowska por matrimonio (1841-1887)
81%
1830-1904 Isabel II Princesa de Asturias (1833)
Reina de España (1833-1868)
Jefa de la Casa Real (1868-1870)
81%
1850-1919 María Isabel de Orleans Princesa de Orleans Condesa consorte de Paris (1833-1894)
81%
1963-Act. Elena de Borbón Duquesa de Lugo (desde 1995)
77%
1822-1834 Juan Carlos de Borbón Privado de su condición de infante y derecho de sucesión en 1834 por carlista Pretendiente carlista al trono (1861-1868)
77%
1938-Act. Juan Carlos I Príncipe de Asturias (1941-1975) Príncipe de España (1969-1975) Rey de España (1975-2014)
77%
1855 Margarita de Borbón
72%
1939-Act. Margarita de Borbón Duquesa de Soria y II duquesa de Hernani (desde 1981)
72%
1802-1857 Luisa Carlota de Borbón-Parma Princesa de Etruria y de Lucca Princesa de Sajonia por matrimonio (1825-1838)
70%
1909-1966 José Eugenio de Baviera Príncipe de Baviera
65%
1823-1902 Francisco de Asís de Borbón II duque de Cádiz Rey consorte de España (1846-1868)
63%
1866 Francisco de Asís de Borbón
63%
1717 Francisco de Borbón
63%
1794-1865 Francisco de Paula de Borbón
63%
1759-1771 Francisco Javier de Borbón Príncipe de Nápoles y Sicilia
63%
1819-1844 Luisa Carlota de Borbón-Dos Sicilias Princesa de las Dos Sicilias
60%
1852-1864 Luisa de Artois Nieta de Francia Duquesa consorte de Parma (1849-1854)
60%
1907-1958 Luisa de Orleans Princesa de Orleans
60%
1824-1900 Luisa Teresa de Borbón Duquesa consorte de Sessa (1847-1881)
60%
1866-1930 Antonio de Orleans Príncipe de Orleans IV duque de Galliera (1895-1930)
58%
1859-1890 Antonio de Orleans Príncipe de Orleans Duque de Montpensier
58%
1759-1817 Antonio Pascual de Borbón Príncipe de Nápoles y Sicilia
58%
1908-1975 Jaime de Borbón Duque de Segovia (1933-1975) Pretendiente al trono de Francia como duque de Anjou (1946-1975)
58%
1823-18481854-1867 Enrique de Borbón I duque de SevillaPrivado de su condición de infante en 1848 por casarse en secreto Rehabilitado en 1854 Privado de nuevo en 1867
56%
1729-1758 Bárbara de Braganza Infanta de Portugal Reina consorte de España (1746-1758)
49%
1909-2022 Beatriz de Borbón Princesa consorte de Civitella-Cesi (1935-1986)
47%
1912-1966 Beatriz de Sajonia-Coburgo-Gotha Princesa del Reino Unido Duquesa de Galliera por matrimonio
47%
1775-1830 Carlota Joaquina de Borbón Reina consorte de Portugal (1816-1826)
47%
1936-2020 Pilar de Borbón Duquesa de Badajoz (1967-2020) Vizcondesa consorte de la Torre (1967-2020)
47%
1936-2017 Alicia de Borbón-Parma Princesa de Parma Duquesa consorte de Calabria (1936-1964)
44%
1834-1905 Amalia de Borbón Princesa de Baviera por matrimonio (1856-1875)
44%
1786-1812 Pedro Carlos de Borbón Infante de Portugal
44%
1864-1958 Eulalia de Borbón Princesa de Orleans por matrimonio (1866-1930) Duquesa consorte de Galliera (1895-1930)
42%
1914-1934 Gonzalo de Borbón
42%
1759-1788 Gabriel de Borbón Príncipe de Nápoles y Sicilia
37%
1759-1792 Josefa Carmela de Borbón Princesa de Nápoles y Sicilia
37%
1827-18481855-1910 Josefa Fernanda de Borbón Privada de su condición de infanta en 1848 por casarse en secretoRehabilitada en 1855
37%
1718-1781 Mariana Victoria de Borbón Reina consorte de Portugal (1750-1777)
37%
1785-1788 Mariana Victoria de Braganza Infanta de Portugal
37%
1868-1871 Cayetano de Borbón-Dos Sicilias Príncipe de las Dos Sicilias Conde de Girgenti
33%
1824-18341859-1875 Sebastián de Borbón Infante de PortugalPrivado de su condición de infante y derecho de sucesión en 1834 por carlista
30%
1826-1830 Eduardo de Borbón
28%
1854-1907 Roberto I de Parma Duque de Parma (soberano: 1854-1859, titular: 1859-1907)
21%
No se encontraron pruebas coincidentes
Distribución de puntuación
Porcentaje de gente con cada puntuación
Porcentaje por número respondido
Historial de tus puntuaciones
No has intentado esta prueba.